Statistics for JoJo's Bizarre Adventure Quiz

Click here to take the quiz!

General Stats

  • This quiz has been taken 75 times
  • The average score is 54 of 64

Answer Stats

HintAnswer% Correct
Part 3 AntagonistDio
100%
Part 1 AntagonistDio Brando
100%
Part 3 JoJoJotaro Kujo
100%
Part 1 JoJoJonathan Joestar
98%
Part 5 JoJoGiorno Giovanna
97%
Part 2 JoJoJoseph Joestar
97%
Part 8 JoJoJosuke Higashikata/Gappy
97%
Part 2 AntagonistKars
97%
Antagonist's standThe World
97%
Part 5 NameGolden Wind
95%
Part 4 JoJoJosuke Higashikata
95%
Part 1 NamePhantom Blood
95%
Part 3 NameStardust Crusaders
95%
Jojo's StandStar Platinum
95%
Antagonists' standKiller Queen
93%
Part 1 JobroSpeedwagon
93%
Part 4 AntagonistYoshikage Kira
93%
Part 2 NameBattle Tendency
91%
Part 5 JobroGuido Mista
91%
Part 4 JobroHirose Koichi
91%
Part 3 JobroJean Pierre Polnareff
91%
Part 6 JoJoJolyne Cujoh
91%
Part 3 JobroMohammed Avdol
91%
Part 3 JobroNoriaki Kakyoin
91%
Part 5 JobroPannacota Fugo
91%
Part 2 JobroCeasar Zeppeli
90%
Part 4 NameDiamond is Unbreakable
90%
Part 5 AntagonistDiavolo
90%
Part 7 JobroGyro Zeppeli
90%
Jojo's StandHermit Purple
90%
Part 3 JobroIggy
90%
JoJo's StandCrazy Diamond
88%
Part 6 AntagonistEnrico Pucci
88%
Part 4 JobroNirijima Okuyasu
88%
Part 6 NameStone Ocean
88%
Part 1 JobroWilliam Zeppeli
88%
Part 7 JoJoJohnny Joestar
86%
Part 7 NameSteel Ball Run
83%
JoJo's StandStone Free
83%
Part 8 NameJoJolion
81%
Antagonists's StandKing Crimson
81%
Part 4 "Jobro"Kishibe Rohan
81%
Part 5 JobroTrish Una
81%
Part 6 JobroWeather Report
81%
Antagonists' StandWhite Snake
81%
Part 5 JobroBruno Bucciarati
78%
Antagonists' standMade In Heaven
78%
Jojo's StandTusk
78%
Part 7 AntagonistFunny Valentine
76%
Jojo's StandGold Experience
76%
Part 6 JobroNarciso Anasui
76%
Part 6 JobroFoo Fighters
74%
Part 6 JobroHermes Costello
74%
Part 9 NameThe JoJoLands
72%
Antagonists' StandC Moon
71%
Antagonists' StandD4C
71%
JoJo's StandSoft and Wet
71%
Part 6 JobroEmporio Alniño
69%
Part 5 JobroLeone Abbachio
67%
Part 5 JobroNarancia Ghirga
67%
Part 8 AntagonistTooru Higashikata
60%
Antagonists StandWonder of U
60%
Part 2 AntagonistEsidisi
55%
Part 8 JobroYasuho Hirose
55%

Score Distribution

Percentile by Number Answered

Percent of People with Each Score

Your Score History

You have not taken this quiz